000 00698nam a2200193Ia 4500
003 LDD
008 190117s9999 xx 000 0 und d
020 _a9788183616515
_c₹300
040 _cLDD
041 _ahi
082 _a8H1.71 शु1166ओ
100 _aशुक्ल, श्रीप्रकाश
245 0 _aओहरन और अन्य कवितायेँ
_cश्रीप्रकाश शुक्ल
260 _aनई दिल्ली
_bराधाकृष्ण प्रकाशन
_c2014
300 _a160p.
901 _aKGP
904 _aReqst by : Jitendra Kumar Srivasta
942 _2ddc
_cH
999 _c171969
_d171969